logo

Bir Sreshtho Munshi Abdur Rouf Library
Jhenaidah Cadet College

কাফকার মেটামরফোসিস ও অন্যান্য / (Record no. 13977)

MARC details
000 -LEADER
fixed length control field 00820nam a2200241 a 4500
001 - CONTROL NUMBER
JCCL Control Number 13977
003 - CONTROL NUMBER IDENTIFIER
JCCL marc code BD-JhCC
005 - DATE AND TIME OF LATEST TRANSACTION
control field 20240520172515.0
008 - FIXED-LENGTH DATA ELEMENTS--GENERAL INFORMATION
fixed length control field 171109s2018 bg |||| |||| 000 0 ben d
020 ## - INTERNATIONAL STANDARD BOOK NUMBER
International Standard Book Number 9847002006170
035 ## - SYSTEM CONTROL NUMBER
system control number (BD-JhCC)13977
040 ## - CATALOGING SOURCE
Original cataloging agency BD-JhCC
Modifying agency BD-JhCC
041 ## - LANGUAGE CODE
Language code of Book ben
082 ## - DEWEY DECIMAL CLASSIFICATION NUMBER
Classification number 891.4435
Author mark and Year KAF 2018
100 ## - MAIN ENTRY--PERSONAL NAME
Personal name কাফকা , ফ্রানৎস
245 ## - TITLE STATEMENT
Title কাফকার মেটামরফোসিস ও অন্যান্য /
Statement of responsibility, etc ফ্রানৎস কাফকা , সম্পা: রবিন ঘোষ ।
260 ## - PUBLICATION, DISTRIBUTION, ETC. (IMPRINT)
Place of publication, distribution, etc ঢাকা :
Name of publisher, distributor, etc ফ্রেন্ডস্ বুক প্রা.লি;
Date of publication, distribution, etc 2018.
300 ## - PHYSICAL DESCRIPTION
Pagination 175 p. :
Dimensions 22 cm.
650 ## - SUBJECT ADDED ENTRY--TOPICAL TERM
Topical term or geographic name as entry element Bengali Short stories
700 ## - ADDED ENTRY--PERSONAL NAME
Personal name ঘোষ ,রবিন
942 ## - ADDED ENTRY ELEMENTS (KOHA)
Source of classification or shelving scheme Dewey Decimal Classification
Koha item type Books
Holdings
Source of classification or shelving scheme Damaged status Not for loan Home library Current library Shelving location Date of accession Cost, normal purchase price Total Checkouts Full call number Barcode Date last seen Date checked out Copy number Method of acquisition Koha item type Currency
Dewey Decimal Classification     JCC Rouf Library JCC Rouf Library General Stacks   175.00 2 891.4435 KAF 2018 19329 12/12/2024 12/11/2024 C-1 Purchase Books BDT

JCC Library | Contacts | JCC Home

Last Update on 23 September 2017
Copyright @ 2017-2020 JCC Rouf Library
Rouf Library, Jhenidah Cadet College (JCC), Bangladesh